00282nam a2200133Ia 45000030006000000080041000060400015000471000015000622450023000772500010001002600009001105460012001190050017001310STCL150530s9999 xx 000 0 und d aSTCLcSTCL aButler, J. aFielding:Tom Jones aFirst c1981 aEnglish20220125170848.0